000 00625nam a2200229 a 4500
999 _c1677
_d1677
007 ta
008 200114t2012 xxka|||g |||| 001 0 eng d
020 _a9781849270366
_c£. 106.09
040 _aKO
_beng
041 0 _aeng
044 _axxk
082 0 4 _223
_a623.8881
_bT3611
100 1 _aThomas, R. E.
245 1 0 _aThomas' Stowage :
_bThe Properties and Stowage of Cargoes /
_cR. E. Thomas
260 _aGlasgow :
_bBrown, Son and Ferguson, Limited ,
_c2012.
300 _a365 p. :
_bcol.ill. ;
_c30 cm.
504 _aIncludes Index.
650 0 _aStowage
_vTexbooks
904 _aReshma_R
942 _cRT